World Geography C - Statistics

General Stats
  • This quiz has been taken 108 times
  • The average score is 18 of 25
Answer Stats
Questions Answer % Correct
1) Capital of Egypt, one of the largest cities in Africa Cairo
100%
22) its capital is Bogota Colombia
98%
8) One of South Africas' 3 capitals Cape Town
96%
9) Capital of Denmark Copenhagen
96%
15) Capital of Australia Canberra
94%
14) Central American country known for itsrainforests and beaches Costa Rica
89%
21) Country with the longest coastline in the world Canada
88%
13) Capital of Wales Cardiff
88%
3) 2nd longest river in Africa Congo
88%
5) Also called the "windy city" Chicago
87%
25) Chinese language spoken by over 75 millionin southern China and worldwide Cantonese
82%
7) Historical city in Morocco, one of Africaslargest ports Casablanca
82%
23) 2nd largest city in Ireland Cork
80%
11) Northern French city connecting to Englandvia the Channel Tunnel Calais
78%
18) Biggest city in North Carolina Charlotte
66%
10) Large city on the southern coast of India in the Tamil Nadu state Chennai
66%
4) central European mountainsstretching from Czechia to Romania Carpathian
64%
2) Capital of St Lucia Castries
61%
24) Guinea capital on the Kaloum peninsula Conakry
59%
12) Tropical city in northern Queensland, called the gateway to the Great Barrier Reef Cairns
55%
17) Historic region of central Turkey known forits rock formations and hot air balloons Cappadocia
48%
20) Major city in southern China at the confluenceof the Yangtze and Jialing rivers Chongqing
35%
6) Historic Romanian port city on the Black Sea Constanta
31%
19) Mountainous state in southern Mexico on theborder with Guatemala Chiapas
16%
16) Mostly abandoned town in Pennsylvania due to an underground coal fire burning since 1962 Centralia
13%
No matching quizzes found
Score Distribution
Percent of People with Each Score
Percentile by Number Answered
Your Score History
You have not taken this quiz